000 00658nam a22001817a 4500
003 OSt
005 20251030055421.0
008 251030b |||||||| |||| 00| 0 eng d
020 _a978-621-405-484-8
040 _aDWCL - Main Lib.
_cOC
082 _aFil. 909 K15v 2021
100 _aSarao, Virzon L [and three others]
245 _aKamalayang Panlipunan :
_bKasaysayan ng Daigdig 8 /
_cVirson L . Sarao, Neil Alvin E. Nicerio, Angelica T. Alcazar and Rodrigo G. Langit JR.
260 _aQuezon City, Manila:
_bAbiva Publishing,
_cc2021.
300 _aiv, 499p :
_bcolor illustration,
_c25cm.
650 _a1. History
942 _2ddc
_cBK-FIL
_kFil.
_n0
999 _c5334
_d5334